Southville International School and Colleges
Your cart is empty.
  • Cart
  • Lists
    Public lists Eva Luna New books Lux_list list_1
    Your lists Log in to create your own lists
  • Log in to your account
  • Your cookies
  • Search history
Southville International School and Colleges
  • Advanced search
  • Recent comments
  • Most popular
  • Libraries

Log in to your account

Log in with GOOGLE


If you do not have an external account, but do have a local account, you can still log in:

  1. Home
  2. MARC view: The search :
Normal view MARC view ISBD view

The search : (Record no. 339586)

[ view plain ]
MARC details
000 -LEADER
fixed length control field 00752nam a2200277Ia 4500
008 - FIXED-LENGTH DATA ELEMENTS--GENERAL INFORMATION
fixed length control field 170711s9999 xx 000 0 und d
020 ## - INTERNATIONAL STANDARD BOOK NUMBER
International Standard Book Number 9781857883626
050 ## - LIBRARY OF CONGRESS CALL NUMBER
Classification number 658.8
050 ## - LIBRARY OF CONGRESS CALL NUMBER
Item number B335 2006
100 ## - MAIN ENTRY--PERSONAL NAME
Personal name Battelle, John
245 #4 - TITLE STATEMENT
Title The search :
245 ## - TITLE STATEMENT
Remainder of title how google and its rivals rewrote the rules of business and transformed our culture /
245 ## - TITLE STATEMENT
Statement of responsibility, etc by John Battelle.
250 ## - EDITION STATEMENT
Edition statement First edition
260 ## - PUBLICATION, DISTRIBUTION, ETC. (IMPRINT)
Place of publication, distribution, etc United Kingdom :
260 ## - PUBLICATION, DISTRIBUTION, ETC. (IMPRINT)
Name of publisher, distributor, etc Nicholas Brealey,
260 ## - PUBLICATION, DISTRIBUTION, ETC. (IMPRINT)
Date of publication, distribution, etc 2006
300 ## - PHYSICAL DESCRIPTION
Extent 327 pages :
300 ## - PHYSICAL DESCRIPTION
Other physical details illustrations ;
500 ## - GENERAL NOTE
General note Includes index.
650 ## - SUBJECT ADDED ENTRY--TOPICAL TERM
Topical term or geographic name as entry element Google (Firm).
650 ## - SUBJECT ADDED ENTRY--TOPICAL TERM
Topical term or geographic name as entry element Internet industry --
650 ## - SUBJECT ADDED ENTRY--TOPICAL TERM
Topical term or geographic name as entry element Web search engines.
650 ## - SUBJECT ADDED ENTRY--TOPICAL TERM
General subdivision United States.
700 ## - ADDED ENTRY--PERSONAL NAME
Personal name Title.

No items available.

The search :

APA

Battelle J., Title, .The search. United Kingdom: .

Chicago

Battelle John, Title, .The search. United Kingdom: .

Harvard

Battelle J., Title, .The search. United Kingdom: .

MLA

Battelle John, Title, .United Kingdom: . .

  • Print
  • Cite
  • Add to your cart (remove)
  • Save record
    BIBTEX Dublin Core MARCXML MARC (non-Unicode/MARC-8) MARC (Unicode/UTF-8) MARC (Unicode/UTF-8, Standard) MODS (XML) RIS
  • More searches
    Search for this title in:
    Other Libraries (WorldCat) Other Databases (Google Scholar) Online Stores (Bookfinder.com) Open Library (openlibrary.org)

Exporting to Dublin Core...

SOUTHVILLE LIBRARY

Southville International School and Colleges Library

1281 Tropical Ave. Cor. Luxembourg St., BF Homes International, Las Pinas City

Tel. No. 8256374 / 252358 Loc. 117/146

Powered by Koha